“ex”で始まる英単語 - Statistics

General Stats
  • This quiz has been taken 269 times
  • The average score is 5 of 15
Answer Stats
品詞 意味 単語 % Correct
経験,体験 experience
84%
〜を交換する exchange
75%
実験 experiment
73%
輸出品 export
72%
興奮した excited
62%
存在する exist
61%
表現 expression
58%
爆発する explode
57%
爆発 explosion
55%
〜を伸ばす,〜を延長する extend
55%
〜を拡大する/拡大する,膨張する expand
53%
優れた,素晴らしい excellent
50%
展示品 exhibit
50%
〜を探索する explore
50%
展覧会 exhibition
48%
正確な,ぴったりの exact
47%
運動する/〜を行使する exercise
46%
疲れ果てた exhausted
46%
〜を表に出す,〜を表現する express
46%
並外れた,特別の extraordinary
46%
処刑/実行,遂行 execution
44%
絶滅,消滅 extinction
44%
期限が切れる expire
40%
延長,拡張 extension
38%
誇張 exaggeration
37%
優れる excel
37%
誇張する,おおげさに表現する exaggerate
36%
〜を除外する exclude
35%
言い訳,理由 excuse
35%
予想,予期 expectation
35%
臨時の,余分な extra
35%
拡大,膨張 expansion
34%
探検 expedition/exploration
34%
さらすこと exposure
34%
使い果たすこと,疲労 exhaustion
32%
生活/存在 existence
32%
〜を調査する examine
31%
極端な extreme
30%
〜を越える,〜に優る exceed
28%
外側の external
28%
〜を抜き出す,〜を抽出する extract
26%
出費 expense
25%
〈前〉AをBに説明する explain A to B
25%
〜を開発する/〜を搾取する exploit
25%
〈前〉〜を除いて except for
24%
〜を処刑する/〜を実行する excute
22%
特に優れた/例外的な exceptional
21%
専門知識 expertise
19%
表現豊かな expressive
19%
爆発物 explosive
18%
熟達した expert
17%
〜を消す/〜を絶滅させる extinguish
17%
超過 excess
16%
高級な/排他的な/独占的な exclusive
16%
追放,亡命 exile
15%
程度,範囲 extent
15%
優秀さ excellence
14%
開発,利用/搾取 exploitation
14%
〜を行使する,〜を働かせる exert
12%
〈前〉AをBにさらす expose A to B
12%
過度の excessive
11%
取締役,役員 executive
11%
行使 exertion
11%
支出 expenditure
11%
広範囲の extensive
11%
叫ぶ,語気を強めて言う exclaim
10%
遊覧旅行,ツアー,遠足 excursion
8%
〜を追い出す expel
8%
〈前〉〜を犠牲にして at the expense of
6%
〈前〉Aが〜することを期待する expect A to do
6%
明白な explicit
6%
〈前〉ある程度まで to some extent
6%
金遣いの荒い,過度の,法外な extravagant
5%
精緻な,すばらしい exquisite
4%
見込み expectancy
0%
No matching quizzes found
Score Distribution
Percent of People with Each Score
Percentile by Number Answered
Your Score History
You have not taken this quiz